Policy formulation and strategy management
Saved in:
| Main Authors: | , |
|---|---|
| Format: | Book |
| Language: | English |
| Published: |
Santa Bárbara
John Wiley
1978
|
| Series: | The Wiley - Hamilton Series in Management and Administration
|
| Subjects: | |
| Tags: |
Add Tag
No Tags, Be the first to tag this record!
|
MARC
| LEADER | 00000nam a2200000 a 4500 | ||
|---|---|---|---|
| 001 | UCU6816 | ||
| 003 | CL-VaPUC | ||
| 008 | 960621e19780000US |||||||||||||||||eng|d | ||
| 082 | 0 | 4 | |a 658.401 |b SCH |2 21 |
| 100 | 0 | |a Schellenberger, Robert E |e author |9 365222 | |
| 700 | 0 | |a Boseman, F. Glenn |e author |9 365223 | |
| 245 | 1 | 0 | |a Policy formulation and strategy management |
| 300 | |a 623 p | ||
| 942 | |c BK | ||
| 945 | |d 19960621 00:00:00 |a paguirre | ||
| 260 | |a Santa Bárbara |b John Wiley |c 1978 | ||
| 650 | 0 | |a Administración |9 259325 | |
| 650 | 0 | |a Administración de empresas |9 260833 | |
| 650 | 0 | |a Producción |9 263680 | |
| 650 | 7 | |a PRODUCTOS |2 CL-VaPUC |9 338640 | |
| 650 | 0 | |a Recursos humanos |9 228420 | |
| 583 | |a last modification |c 19960621 00:00:00 |k Rodrigo Vera | ||
| 490 | 0 | |a The Wiley - Hamilton Series in Management and Administration | |
| 999 | |c 249621 |d 249619 | ||
| 952 | |0 0 |1 0 |4 0 |6 658_401000000000000_SCH_1978 |7 0 |8 A |9 266958 |a BIBING |b BIBING |d 2019-11-19 |i 1691953 |o 658.401 SCH 1978 |p 1691953 |r 2025-01-20 |w 2019-11-19 |y BK |k EII | ||